00303nam a22001217a 4500003000400000008004100004100002600045245005400071250000900125260001900134300000800153650002000161OSt200715b ||||| |||| 00| 0 eng d aShakya , Manish Kumar aPathophysiology An Introduction to human diseases a2019 aAgrabR Narain a232 aPathophysiology